| 000 | 00711pab a2200169 454500 | ||
|---|---|---|---|
| 008 | 180718b2005 xxu||||| |||| 00| 0 eng d | ||
| 100 | _aThapan, Meenakshi | ||
| 245 | _aA teacher writes | ||
| 260 | _c2005 | ||
| 300 | _ap.5536-537. | ||
| 362 | _a31 Dec | ||
| 520 | _aThe teacher-student relationship forms a critical bedrock in the pursuit of academic excellence. sometimes, and perhaps giving in to the rhetoric of student welfar,e teachers may evince the need to "protect" or "help" students; a fact that may unwittingly dilute the cause of academic excellence. - Reproduced. | ||
| 650 | _aTeachers | ||
| 650 | _aStudent teacher relationship | ||
| 773 | _aEconomic and Political Weekly | ||
| 909 | _a68567 | ||
| 999 |
_c68567 _d68567 |
||